| 000 | 01735 a2200241 4500 | ||
|---|---|---|---|
| 001 | 41104 | ||
| 005 | 20260407155704.0 | ||
| 008 | 260407a2008 arg spa d | ||
| 003 | AR-UNSa-BCEJYS | ||
| 040 |
_aAR-UNSa-BCEJYS _bspa _cAR-UNSa-BCEJYS |
||
| 080 |
_a347.238.3 _xOtras clases de copropiedad; p.e., propiedad horizontal |
||
| 245 | 1 | 0 | _aExpensas |
| 020 | _a978-950-894-721-5 | ||
| 264 | 1 |
_aBuenos Aires : _bAD-HOC _c2008 |
|
| 300 |
_a203 p. _c23 cm. |
||
| 505 | _a1. El privilegio del crédito de expensas / Christian R. Pettis – 2. Supuestos no alcanzados por la doctrina plenaria “Servicios Eficientes” / Federico J. Causse – 3. El fuero de atracción y la deuda por expensas (antes es pagar que heredar) / Santiago Berisso – 4. Exención del propietario vencedor en el prorrateo de las expensas derivadas de su condición de vencedor en el juicio contra el consorcio (indemnización y costas) / Santiago Villagrán – 5. Los intereses en el crédito por expensas comunes / Natalia Badaroux – 6. Exención del pago de las expensas y el reglamento de copropiedad y administración / C. Martín Debrabandere – 7. El pago de las expensas efectuado por un tercero / Alejandro L. Iriarte – 8. Garantía de evicción y deuda por expensas / Rodrigo Vila – 9. La excepción de pago en la ejecución de expensas. Problemática del pago mediante depósito bancario / Fabián A. Castro – 10. Enlace jurisprudencial / Nicolás Raichi y Federico Causse - | ||
| 041 | _aspa | ||
| 942 | _cBK | ||
| 590 | _aniveau_biblio:m niveau_hierar:0 | ||
| 100 | 1 | _aPettis, Christian R. | |
| 700 | 1 | _aCausse, Federico J. | |
| 856 | 4 | 1 |
_uhttps://biblioeco.unsa.edu.ar/pmb/images/libros/L126371.jpg _yImagen de portada _qimage/jpeg |
| 999 |
_c3372 _d3372 |
||